Największe miasta państw bałtyckich - Statystyki

Ogólne statystyki
  • Ten quiz został rozwiązany 20 razy
  • Średni wynik to 9 z 20
Statystyki odpowiedzi
Hint Odpowiedź % Poprawnych
457 572 Tallinn
100%
607 404 Wilno
100%
605 273 Ryga
94%
303 978 Kowno
89%
160 885 Kłajpeda
78%
97 759 Tartu
56%
77 799 Dyneburg
50%
66 680 Lipawa
44%
53 360 Narwa
39%
111 971 Szawle
39%
41 520 Parnawa
33%
50 741 Olita
28%
85 774 Poniewież
28%
32 634 Windawa
28%
33 303 Możejki
22%
36 240 Mariampol
17%
26 680 Janów
11%
54 701 Jełgawa
11%
52 154 Jurmała
11%
33 434 Kohtla- Jarve
6%
Nie znaleziono quizów pasujących do podanych kryteriów
Rozkład punktacji
Procent ludzi z każdym wynikiem
Percentyl według liczby udzielonych odpowiedzi
Twoja historia wyników
Nie rozwiązałeś tego quizu